00976nam a22001937a 45000010005000000030006000050050017000110080041000280400029000690500017000980820010001151000019001252450044001442600062001883000043002505200448002936500022007416500019007637602FISKH20250807162020.0250725b cb ||||| |||| 00| 0 eng d aFISKHbengcFISKHdFISKH aPR6005.O4 H4 a823.8 aConard, Joseph aHeart of darkness / cby Joseph Conard  aPhnom Penh : bFootprints International School , c2025.  a47 pages : billustrations ;c21 cm .  aHeart of Darkness is Joseph Conrad's disturbing novella recounted by the itinerant captain Marlow sent to find and bring home the shadowy and inscrutable Captain Kurtz. Marlow and his men follow a river deep into a jungle, the "Heart of Darkness" of Africa looking for Kurtz, an unhinged leader of an isolated trading station. This highly symbolic psychological drama was the founding myth for Francis Ford Coppola's 1979 movie Apocalypse Now. aclassicsvFiction aCongovFiction